000 00969nam a2200217Ii 4500
003 JO-AjNU
005 20240110144458.0
008 230605s9999||||xx |||||||||||||| ||und||
040 _aJO-AjNU
_bara
_erda
_cJO-AjNU
041 _aara
050 1 4 _aBP144.N3
100 3 _aتأليف الشيرازي، أبي إسحاق إبراهيم ؛ م .مشارك آبي القاسم عبدالكريم الرافعي، ابي الفضل احمد بن علي العسقلاني ,
_eauthor
_943385
245 0 0 _aالمجموع : شرح المهذب ، ويليله فتح العزيز شرح الوجيز، ويليله التلخيص الحبير في تخرج الرافعى الكبير، الجزء 4
264 3 1 _aد،م: دار الفكر، 1900
300 _aم4، 657ص
336 _atext
_btxt
_2rdacontent
337 _aunmediated
_bn
_2rdamedia
338 _avolume
_bnc
_2rdacarrier
650 4 _aالفقه الإسلامي -- مذاهب 
_943386
942 _2lcc
_cREF
999 _c22216
_d22216